000 00848nam a2200265Ia 4500
003 OSt
005 20220918171932.0
006 a|||||r|||| 00| 0
007 ta
008 220917b |||||||| |||| 00| 0 eng d
020 _a9788189654696 (hbk)
_c450
024 _a238,770
037 _b005, 02/09/2009, Independent Publishers Group
_cTextual
040 _aARTS
_cARTS
_beng
041 _2eng
_aeng
082 _aX.1.P08, P9
110 _aIndian Political Economy Association
_939452
245 0 _aGlobal economic crisis
_b A people's perspective
260 _aNew Delhi
_bDaanish Books India
_c2009
300 _ax,257p.
_ccm.
650 _aECONOMICS
700 _aIndian Political Economy Association
_939453
942 _hX.1.P08, P9
_cTEXL
_2CC
999 _c141953
_d141953